Doplnková literatúra k vyučovaniu telesnej výchovy

Bibliographic Details
Main Author: Eleková, Ester (Author)
Format: Book
Language:Undetermined
PhysicalDescription:32 s.
Published: Bratislava Slovenská pedagogická knižnica 1971

MARC

LEADER 00000nam a2200000 a 4500
001 vtls001283364
003 SK-MaSNL
005 20260301064806.0
008 240314s1971 xx 0 und
035 |a SNK000234826 
040 |a SNK  |b slo  |c SNK  |e AACR2 
100 1 |a Eleková, Ester  |4 aut  |9 241599 
245 1 0 |a Doplnková literatúra k vyučovaniu telesnej výchovy 
260 |a Bratislava  |b Slovenská pedagogická knižnica  |c 1971 
300 |a 32 s. 
958 |a OND 
999 |c 628249  |d 630179 
952 |t P60, <04>, [BOOK], {604}  |a SNK  |b SNK  |y VYP  |7 0  |p 17A0060856  |o snkSC 29676 D1  |0 0  |1 0  |4 0  |d 1997-04-14  |l 0  |r 2005-01-02 00:00:00  |w 2026-02-23 
952 |a SNK  |b SNK  |y PREZ  |7 0  |p 17A0923545  |o snkSC 29676  |0 0  |1 0  |4 0  |d 2012-09-25  |l 0  |r 2025-09-18 00:00:00  |w 2026-02-23